000 00976nam a2200217 4500
001 136006
003 ES-MaACL
005 20251122063128.0
007 t|
008 070214s1971 sp r ||||1| spa d
100 _aRuiz Lagos, Manuel,
_d1939-2015
_9233639
245 1 0 _aVida y poesía de Francisco Pérez de Grandallana
_b: conmemoración del centenario de la muerte del poeta jerezano, 1813-1870 /
_cManuel Ruiz Lagos ; prólogo, Tomás García Figueras.
260 _aJerez de la Frontera :
_bCentro de Estudios Históricos Jerezanos,
_c1971.
300 _a186 p., 5 lám. ;
_c25 cm.
490 1 _aPublicaciones del Centro de Estudios Históricos Jerezanos. 3ª serie ;
_v2
700 1 _aGarcía Figueras, Tomás.
_954615
710 2 _aCentro de Estudios Históricos Jerezanos.
_92647
830 0 _aPublicaciones del Centro de Estudios Históricos Jerezanos. 3ª serie ;
_v2
_9219965
852 _aES-MaACL
_jC-37607
_bR.78746
999 _c136006
_d136006